Lutèce; (Record no. 22612)

MARC details
000 -LEADER
fixed length control field 00908cam a22002651 4500
001 - CONTROL NUMBER
control field f 01001628
003 - CONTROL NUMBER IDENTIFIER
control field DLC
005 - DATE AND TIME OF LATEST TRANSACTION
control field 20260227111240.0
008 - FIXED-LENGTH DATA ELEMENTS--GENERAL INFORMATION
fixed length control field 810109r18921855fr 000 0 fre
010 ## - LIBRARY OF CONGRESS CONTROL NUMBER
LC control number f 01001628
035 ## - SYSTEM CONTROL NUMBER
System control number (OCoLC)7054715
040 ## - CATALOGING SOURCE
Original cataloging agency DLC
Transcribing agency OCl
Modifying agency DLC
042 ## - AUTHENTICATION CODE
Authentication code premarc
050 00 - LIBRARY OF CONGRESS CALL NUMBER
Classification number PT2317
Item number .A1 1895 vol. 10
100 1# - MAIN ENTRY--PERSONAL NAME
Personal name Heine, Heinrich,
Dates associated with a name 1797-1856.
245 10 - TITLE STATEMENT
Title Lutèce;
Remainder of title lettres sur la vie politique, artistique et sociale de la France par Henri Heine.
250 ## - EDITION STATEMENT
Edition statement Nouv. éd.
260 ## - PUBLICATION, DISTRIBUTION, ETC.
Place of publication, distribution, etc. Paris,
Name of publisher, distributor, etc. Calmann Lévy,
Date of publication, distribution, etc. 1892.
300 ## - PHYSICAL DESCRIPTION
Extent xv, 420 p.
Dimensions 19 cm.
490 0# - SERIES STATEMENT
Series statement Œuvres complètes ...
Volume/sequential designation [10]
500 ## - GENERAL NOTE
General note On cover: Bibliothèque contemporaine.
500 ## - GENERAL NOTE
General note "Edition originale" published Paris, Michel Lévy frères, 1855. cf. Vicaire's Manuel.
651 #0 - SUBJECT ADDED ENTRY--GEOGRAPHIC NAME
Geographic name France
General subdivision Politics and government
Chronological subdivision 1830-1848.
651 #0 - SUBJECT ADDED ENTRY--GEOGRAPHIC NAME
Geographic name Paris (France)
General subdivision Intellectual life.

No items available.

Powered by Koha